| 000 | 00612nam a2200205Ii 4500 | ||
|---|---|---|---|
| 003 | JO-AjNU | ||
| 008 | 230605s9999||||xx |||||||||||||| ||und|| | ||
| 040 |
_aJO-AjNU _bara _erda _cJO-AjNU |
||
| 041 | _aara | ||
| 050 | 1 | 4 | _aBP179 |
| 100 | 3 |
_aالقرني، عائض وآخرون, _eauthor _97826 |
|
| 245 | 0 | 0 | _aرمضان بين يديك |
| 264 | 3 | 1 | _aد.م: دار العلوم، د.ت |
| 300 | _a312ص | ||
| 336 |
_atext _btxt _2rdacontent |
||
| 337 |
_aunmediated _bn _2rdamedia |
||
| 338 |
_avolume _bnc _2rdacarrier |
||
| 490 | 0 | _aانوار رمضانية | |
| 650 | 4 |
_aالصوم- شهر رمضان _97827 |
|
| 999 |
_aA476 _c4044 _d4044 |
||